| 000 | 00609nam a2200205 a 4500 | ||
|---|---|---|---|
| 003 | PILC | ||
| 005 | 20160223083531.0 | ||
| 008 | 090310s19uu xx 00 eng d | ||
| 020 | _a1598801088 | ||
| 050 |
_aD 909 _b.St848 2009 |
||
| 100 | _aSteves, Rick. | ||
| 245 |
_aEurope through the back door : _bthe travel skills handbook 2009 / _cRick Steves. |
||
| 260 |
_aBerkeley, CA : _bAvalon Travel, _c2008. |
||
| 300 |
_a743 pages : _billustrations ; _c22 cm. |
||
| 500 | _aIncludes appendices and index. | ||
| 650 | _aTourism. | ||
| 650 |
_aEurope _xGuidebooks. |
||
| 942 |
_cBK _2lcc _kFOR |
||
| 999 |
_c39580 _d39580 |
||